Multiple-Choice-Stadtquiz Chemnitz - Statistiken

Allgemein
  • Dieses Quiz wurde 988 mal gespielt
  • Das Durchschnittsergebnis liegt bei 7 aus 10
Antwortstatistiken
Frage Antwort % Korrekt
In welchem Bundesland befindet sich Chemnitz? Sachsen
96%
Welchen Namen trug Chemnitz von 1953 bis 1990? Karl-Marx-Stadt
93%
Welches deutsche Nachbarland liegt am nächsten an Chemnitz? Tschechien
87%
Chemnitz ist die größte deutsche Stadt, die mit C beginnt. Was ist die zweitgrößte? Cottbus
85%
Im Jahr 2025 trug Chemnitz einen Titel, der ... genannt wird. Kulturhauptstadt Europas
77%
An welchen Landkreis grenzt Chemnitz nicht? Elbe-Elster
57%
Welcher Fluss fließt durch Chemnitz? Chemnitz
49%
Welchen Beinamen erhielt Chemnitz als eine der wichtigsten Industriestädte Deutschlands? Sächsisches Manchester
49%
Für welche Industrie ist Chemnitz besonders bekannt? Maschinenbau
44%
Im öffentlichen Nahverkehr der Stadt wird das sogenannte "Chemnitzer Modell" angewandt. Was bedeutet das? Einige Straßenbahnlinien fahren ohne Umstieg auf die Eisenbahnstrecken ins Umland
34%
Keine übereinstimmenden Quizze gefunden
Verteilung der Resultate
Anzahl Personen mit jedem Resultat
Perzentil nach korrekt beantworteten Fragen
Ihre Resultats-Entwicklung
Sie haben dieses Quiz noch nicht gespielt